00458nam a2200169Ia 4500008004100000020001300041040001900054041001200073082002400085100001800109245006100127250001200188260003500200300001900235650001600254850001800270131103s9999 xx 000 0 und d cRs.15.00 aLoreto College aEnglish a510/SINbLCBED/9832 aSinhal, O. p. 2aA text book of mathematicsb for class vi cO. P. Sinhal a1st ed. aBombaybGeneral Printersc1983 a122p. c 24cm. aMathematics aLCBED/510/SIN